Paesi più grandi per area o popolazione - Statistics

Statistiche generali
  • Questo quiz è stato fatto 286 volte
  • Il punteggio medio è 26 su 31
Statistiche sulle risposte
paese % Corretto
Cina
100%
India
100%
Russia
100%
Stati Uniti
100%
Canada
99%
Brasile
98%
Argentina
96%
Australia
96%
Messico
96%
Indonesia
92%
Algeria
91%
Giappone
90%
Kazakistan
89%
Mongolia
88%
Rep Dem Congo
88%
Pakistan
85%
Arabia Saudita
84%
Germania
84%
Egitto
82%
Nigeria
82%
Iran
81%
Libia
80%
Sudan
76%
Turchia
72%
Bangladesh
68%
Ciad
67%
Etiopia
65%
Thailandia
65%
Perù
63%
Filippine
62%
Vietnam
56%
Nessun quiz corrispondente trovato
Distribuzione punteggi
Percentuale di utenti per punteggio
Percentile per numero di risposta
I tuoi punteggi nel tempo
Non hai fatto questo quiz